Top 75 traditionelle altdeutsche Vornamen - Statistiken

Allgemein
  • Dieses Quiz wurde 61 mal gespielt
  • Das Durchschnittsergebnis liegt bei 36 aus 75
Antwortstatistiken
📍 Vorname % Korrekt
An.a ♀️ Anna
82%
E.i.a ♀️ Elisa
80%
El.s.b..h ♀️ Elisabeth
78%
A.t.n ♂️ Anton
76%
J.h..n ♂️ Johann
75%
B.u.o ♂️ Bruno
71%
J.h..n.s ♂️ Johannes
71%
Em.a ♀️ Emma
69%
Ka.l ♂️ Karl
69%
F.a.z ♂️ Franz
67%
J.h.n.a ♀️ Johanna
67%
Fr.d.r..k ♂️ Frederick
65%
Em.l ♂️ Emil
63%
G.o.g ♂️ Georg
63%
L.d..g ♂️ Ludwig
63%
Wi.h..m..e ♀️ Wilhelmine
63%
B.n.o ♂️ Benno
61%
F.a.z.s.a ♀️ Franziska
61%
Gu.t.v ♂️ Gustav
61%
Pa.l ♂️ Paul
61%
D.r.t..a ♀️ Dorothea
59%
F.i.d.i.h ♂️ Friedrich
59%
Am.l.a ♀️ Amalia
57%
Cl.m..s ♂️ Clemens
57%
G.b.i.l ♂️ Gabriel
57%
M.r.a ♀️ Maria
57%
I.a ♀️ Ida
55%
P.u.a ♀️ Paula
55%
M.x.m.l..n ♂️ Maximilian
53%
A.b..t ♂️ Albert
51%
El.a ♀️ Elsa
51%
Ot.o ♂️ Otto
51%
Vi.t.r.a ♀️ Viktoria
51%
C.a.l.t.e ♀️ Charlotte
49%
Le.p..d ♂️ Leopold
49%
R.c.a.d ♂️ Richard
49%
A.t.n.a ♀️ Antonia
47%
J.l..s ♂️ Julius
47%
K.t..r..a ♀️ Katharina
47%
Ko.r.d ♂️ Konrad
47%
T.e.d.r ♂️ Theodor
47%
K.r.a ♀️ Karla
45%
L.r..z ♂️ Lorenz
45%
Ma.g.r..e ♀️ Margarete
45%
O.k.r ♂️ Oskar
45%
A.g..t ♂️ August
43%
H.g.n ♂️ Hagen
43%
Ju.t.s ♂️ Justus
43%
L.o.h..d ♂️ Leonhard
43%
Ma.t.a ♀️ Martha
43%
H.l..e ♀️ Helene
41%
J.s.p.i.e ♀️ Josephine
41%
G.e.a ♀️ Greta
39%
F.i.d.r..e ♀️ Friederike
37%
Hu.o ♂️ Hugo
37%
Ka.p.r ♂️ Kaspar
37%
Ko.s.a.t.n ♂️ Konstantin
37%
M.t..l.a ♀️ Mathilda
35%
K.r.l..a ♀️ Karolina
31%
A.t..r ♂️ Arthur
29%
L.i.e ♀️ Luise
29%
Ru.h ♀️ Ruth
29%
E.g.n ♂️ Eugen
27%
H.n.i ♂️ Henri
27%
Th.a ♀️ Thea
27%
Ed.a ♀️ Edda
25%
Fr.e.a ♀️ Frieda
25%
K.t.e ♀️ Käthe
25%
A.n.s ♀️ Agnes
24%
H.d.a ♀️ Hedda
24%
A.g.s.a ♀️ Augusta
22%
Fr.n.a ♀️ Franka
20%
Ko.b.n..n ♂️ Korbinian
20%
He.r.e..e ♀️ Henriette
18%
Th.r..a ♀️ Theresa
12%
Keine übereinstimmenden Quizze gefunden
Verteilung der Resultate
Anzahl Personen mit jedem Resultat
Perzentil nach korrekt beantworteten Fragen
Ihre Resultats-Entwicklung
Sie haben dieses Quiz noch nicht gespielt